000 00266nam a2200109Ia 4500
008 240625s9999 xx 000 0 und d
041 _aeng
082 _a332.6 DUN
100 _aDUNIS CHRISTIAN L
245 _aAPPLIED QUANTITATIVE METHODS FOR TRADING
260 _c2003
999 _c34900
_d34900